La articulación de las razones (Record no. 66602)

MARC details
000 -LEADER
campo de control de longitud fija 00888nam a2200289 i 4500
001 - NÚMERO DE CONTROL
campo de control 66602
003 - IDENTIFICADOR DE NÚMERO DE CONTROL
campo de control ES-MaACL
005 - FECHA Y HORA DE LA ÚLTIMA TRANSACCIÓN
campo de control 20230906165727.0
007 - CAMPO FIJO DE DESCRIPCIÓN FÍSICA--INFORMACIÓN GENERAL
campo de control de longitud fija t|
008 - DATOS DE LONGITUD FIJA--INFORMACIÓN GENERAL
campo de control de longitud fija 030310s2002 sp |||| | spa d
020 ## - NÚMERO INTERNACIONAL ESTÁNDAR DEL LIBRO
Número Internacional Estándar del Libro 84-323-1105-7
080 ## - NÚMERO DE LA CLASIFICACIÓN DECIMAL UNIVERSAL
Número de la Clasificación Decimal Universal 162
080 ## - NÚMERO DE LA CLASIFICACIÓN DECIMAL UNIVERSAL
Número de la Clasificación Decimal Universal 81:16
100 1# - ENTRADA PRINCIPAL--NOMBRE DE PERSONA
Nombre de persona Brandom, Robert B.
9 (RLIN) 31347
245 13 - MENCIÓN DEL TÍTULO
Título La articulación de las razones
Resto del título : una introducción al inferencialismo /
Mención de responsabilidad, etc. por Robert B. Brandom ; [traducción de Eduardo de Bustos y Eulalia Pérez Sedeño].
260 ## - PUBLICACIÓN, DISTRIBUCIÓN, ETC.
Lugar de publicación, distribución, etc. Madrid :
Nombre del editor, distribuidor, etc. Siglo XXI de España,
Fecha de publicación, distribución, etc. [2002]
300 ## - DESCRIPCIÓN FÍSICA
Extensión 277 p. ;
Dimensiones 21 cm.
490 1# - MENCIÓN DE SERIE
Mención de serie Filosofía
500 ## - NOTA GENERAL
Nota general Índice.
650 14 - PUNTO DE ACCESO ADICIONAL DE MATERIA--TÉRMINO DE MATERIA
Término de materia o nombre geográfico como elemento de entrada Inferencia.
9 (RLIN) 13750
650 #4 - PUNTO DE ACCESO ADICIONAL DE MATERIA--TÉRMINO DE MATERIA
Término de materia o nombre geográfico como elemento de entrada Lenguaje y lógica.
9 (RLIN) 14350
700 1# - ENTRADA AGREGADA--NOMBRE PERSONAL
Nombre de persona Bustos, Eduardo.
9 (RLIN) 32919
700 1# - ENTRADA AGREGADA--NOMBRE PERSONAL
Nombre de persona Pérez Sedeño, Eulalia.
9 (RLIN) 91154
830 0# - PUNTO DE ACCESO ADICIONAL DE SERIE-TÍTULO UNIFORME
Título uniforme Filosofía
9 (RLIN) 177836
852 ## - LOCALIZACIÓN
Ubicación ES-MaACL
Número de control de estantería L-27109
Holdings
Estatus retirado Estado de pérdida Estado de daño No para préstamo Biblioteca de origen Biblioteca actual Ubicación en estantería Fecha de adquisición Fuente de adquisición Total de préstamos Signatura topográfica completa Código de barras Visto por última vez Precio de reemplazo Tipo de ítem Koha
        Biblioteca del Ateneo de Madrid Biblioteca del Ateneo de Madrid Depósito 2 17/01/2008     L-27109 1069764 23/02/2023 23/02/2023 Libro impreso